Gaming Quiz

Random Gaming or Board Games Quiz

Kingdom Hearts Keyblades Quiz Stats

 Plays Quiz not verified by Sporcle

Score 0/74 Timer 15:00
1 Play Today
Game title Keyblade % Correct
KH1Kingdom Key
97.9%
KH1Oathkeeper
77.6%
KH1Oblivion
75.9%
KH1Three Wishes
74.3%
KH1Lady Luck
72.2%
KH1Crabclaw
70.5%
KH1Jungle King
70.1%
KH1Metal Chocobo
69.7%
KH1Ultima Weapon
69.3%
KH1Wishing Star
68%
KH1Pumpkinhead
67.6%
KH1Fairy Harp
66%
KH1Spellbinder
64.7%
KH1Lionheart
63.9%
KH1Divine Rose
62.7%
KH2Sweet Memories
61.4%
KH2Ultima Weapon
61.4%
KH2Gull Wing
61%
KH1Olympia
60.2%
KH2Star Seeker
59.8%
KH2Fenrir
59.8%
KH2Bond of Flame
59.3%
KH1 Final MixOne-Winged Angel
58.5%
KH2Circle of Life
57.7%
KH2Rumbling Rose
57.7%
KH2Wishing Lamp
56.8%
KH2Way to the Dawn
56.8%
KH2Photon Debugger
56.4%
KH2Kingdom Key D
56.4%
KH2Hidden Dragon
55.2%
KH2Follow the Wind
54.4%
KH2Hero's Crest
53.9%
KH2Decisive Pumpkin
53.1%
KH2Sleeping Lion
52.3%
KH1 Final MixDiamond Dust
50.6%
KH2Fatal Crest
50.6%
KH2Monochrome
49.8%
Game title Keyblade % Correct
KH2Mysterious Abyss
49.8%
KH2Oathkeeper
48.1%
KH2Destiny's Embrace
46.9%
KH Birth by SleepStar Seeker
46.9%
KH2 Final Mix+Two Become One
46.5%
KH2Oblivion
46.1%
KH2Guardian Soul
44%
KH Birth by SleepWayward Wind
43.6%
KH Birth by SleepDestiny's Embrace
41.9%
KH Birth by SleepRainfell
41.5%
KH Birth by SleepStormfall
41.5%
KH2 Final Mix+Ends of the Earth
41.1%
KH2 Final Mix+Winner's Proof
40.2%
KH Birth by SleepEarthshaker
40.2%
KH Birth by SleepEnds of the Earth
39.8%
KH Birth by SleepLost Memory
39%
KH Birth by SleepVoid Gear
38.2%
KH1Keyblade of People's Hearts
37.8%
KH Birth by SleepFrolic Flame
36.9%
KH Birth by SleepTreasure Trove
36.1%
KH Birth by SleepChaos Ripper
35.7%
KH Birth by SleepStroke of Midnight
35.7%
KH Birth by SleepNo Name
35.7%
KH Birth by SleepDarkgnaw
34.9%
KH Birth by SleepHyperdrive
34.4%
KH Birth by SleepFairy Stars
33.6%
KH Birth by SleepPixie Petal
33.6%
KH Birth by SleepBrightcrest
33.2%
KH Birth by SleepMark of a Hero
33.2%
KH Birth by SleepVictory Line
32.8%
KH Birth by SleepSweetstack
32.4%
KH Birth by SleepVoid Gear
30.7%
KH Birth by SleepUltima Weapon
25.3%
KH Birth by SleepMaster Xehanort's Keyblade
21.6%
KH Birth by SleepIncomplete X-blade
19.9%
KH Birth by SleepMaster Eraqus's Keyblade
17.8%
KH Birth by SleepVanitas's X-blade
13.7%

You're not logged in!

Compare scores with friends on all Sporcle quizzes.
OR
Log In

Show Comments

Extras

Top Quizzes Today


Score Distribution

Your Account Isn't Verified!

In order to create a playlist on Sporcle, you need to verify the email address you used during registration. Go to your Sporcle Settings to finish the process.

Report this User

Report this user for behavior that violates our Community Guidelines.

Details: